000 00268nam a2200097Ia 4500
001 679760
005 20250826161102.0
008 250824s9999 xx 000 0 und d
245 0 _aYETİŞKİNLER EJDERHALARDAN NEDEN KORKAR
_cİSHAK REYNA
260 _bGÜNIŞIĞI YAYINLARI
999 _c679760
_d679760